Phê phán chủ nghĩa bành trướng và bá quyền nước lớn của giới cầm quyền phản động Bắc Kinh /
সংরক্ষণ করুন:
| প্রধান লেখক: | |
|---|---|
| অন্যান্য লেখক: | , |
| বিন্যাস: | Sách giấy |
| ভাষা: | Vietnamese |
| প্রকাশিত: |
H. :
Khoa học xã hội,
1979.
|
| ট্যাগগুলো: |
ট্যাগ যুক্ত করুন
কোনো ট্যাগ নেই, প্রথমজন হিসাবে ট্যাগ করুন!
|
| Thư viện lưu trữ: | Thư viện Trường Đại học Đà Lạt |
|---|
| LEADER | 00823nam a2200301 4500 | ||
|---|---|---|---|
| 001 | DLU140159247 | ||
| 005 | ##20140123 | ||
| 040 | # | # | |a DLU |b vie |
| 041 | # | # | |a vie |
| 044 | # | # | |a vn |
| 082 | # | # | |a 325.32 |b PH-C. |
| 100 | # | # | |a Phạm Như Cương. |
| 245 | # | # | |a Phê phán chủ nghĩa bành trướng và bá quyền nước lớn của giới cầm quyền phản động Bắc Kinh / |c Phạm Như Cương, Lê Hồng Hà, Phạm Huy Châu. |
| 260 | # | # | |a H. : |b Khoa học xã hội, |c 1979. |
| 300 | # | # | |a 264 tr. ; |c 20 cm. |
| 700 | # | # | |a Lê Hồng Hà |
| 700 | # | # | |a Phạm Huy Châu |
| 923 | # | # | |a TL |
| 991 | # | # | |a SH |
| 992 | # | # | |a 1,60 |
| 994 | # | # | |a DLU |
| 900 | # | # | |a True |
| 911 | # | # | |a Nguyễn Thị Tưởng |
| 925 | # | # | |a G |
| 926 | # | # | |a A |
| 927 | # | # | |a SH |
| 980 | # | # | |a Thư viện Trường Đại học Đà Lạt |